书目信息 |
| 书名: | Renaissance & Mannerism | |
| 作者: | Diane Bodart | |
| 分册号: | ||
| 分册名: | 出版地: | New York |
|
| 出版社: | Sterling Pub. Co | |
| 出版时间: | 2008. | |
| 页数: | 192p | |
| 开本: | 28cm | |
| 丛书名: | ||
| 中图分类号: | ||
| 科图分类号: | ||
| 其他分类号: | J150.093 | |
| 主题词: | ||
| 电子资源: | ||
| 000 | 00395nam0 2200145 450 | |
| 001 | 202012001938 | |
| 005 | 20121116084944.0 | |
| 008 | 12111601s | |
| 020 | @a9781402759222@c$14.95 | |
| 099 | @dJ150.093@eD538 | |
| 245 | 10 | @aRenaissance & Mannerism @cDiane Bodart |
| 260 | 0 | @aNew York@bSterling Pub. Co.@c2008. |
| 300 | @a192p@c28cm | |
| 905 | @b11714 | |
| 905 | @aTSG@dJ150.093@eD538 | |
| Renaissance & Mannerism / Diane Bodart.-New York : Sterling Pub. Co. , 2008. |
| 192p ; 28cm |
| ISBN 9781402759222$14.95 |
| ● |
| 相关链接 |
|
|
|
正题名:Renaissance & Mannerism
索取号:J150.093/D538
 
预约/预借
| 序号 | 登录号 | 条形码 | 馆藏地/架位号 | 状态 | 备注 |
| 1 | 11714 | 300117148 | 社科库309/309社科库 992排1列1层/ [索取号:J150.093/D538] | 在馆 |